| 000 | 01047 a2200277 4500 | ||
|---|---|---|---|
| 999 |
_c1571 _d1571 |
||
| 020 | _a9781849712606 (hbk) | ||
| 020 | _a1849712603 | ||
| 020 | _a9781849712613 (pbk) | ||
| 020 | _a1849712611 | ||
| 050 | 0 | 0 | _aHD9000.5 OOS 2012 |
| 100 | 1 |
_aOosterveer, Peter. _eauthor |
|
| 245 | 1 | 0 |
_aFood, Globalization and Sustainability / _cPeter Oosterveer and David A. Sonnenfeld. |
| 264 | 1 |
_aLondon : _bEarthscan, publishing for sustainable future, _c2012. |
|
| 300 |
_axiv, 282 pages ; _bill. |
||
| 500 | _aIncludes Index | ||
| 504 | _aIncludes bibliographical references | ||
| 650 | 0 | _aFood industry and trade. | |
| 650 | 0 |
_aFood industry and trade _xEnvironmental aspects. |
|
| 650 | 0 | _aFood consumption. | |
| 650 | 0 | _aSustainable agriculture. | |
| 650 | 0 |
_aGlobalization _xEconomic aspects. |
|
| 700 | 1 | _aSonnenfeld, David Allan. | |
| 856 | 4 | 2 |
_3Contributor biographical information _uhttp://www.loc.gov/catdir/enhancements/fy1305/2011410491-b.html |
| 942 |
_2lcc _cBK _h9000.5 _iOOS _kHD |
||